Гибридная ветроэнергетическая установка; Электротехника, электромеханика и электротехнологии

מידע ביבליוגרפי
Parent link:Электротехника, электромеханика и электротехнологии.— 2006.— С. 159-161
מחבר ראשי: Дубинин М. В.
מחברים אחרים: Бекишев Р. Ф. (научный руководитель)
שפה:רוסית
יצא לאור: 2006
נושאים:
פורמט: Book Chapter
KOHA link:https://koha.lib.tpu.ru/cgi-bin/koha/opac-detail.pl?biblionumber=109989

MARC

LEADER 00000naa2a2200000 4500
001 109989
005 20231031120244.0
035 |a (RuTPU)RU\TPU\book\118787 
090 |a 109989 
100 |a 20070216d2006 k y0rusy50 ca 
101 0 |a rus 
102 |a RU 
200 1 |a Гибридная ветроэнергетическая установка  |f М. В. Дубинин  |g науч. рук. Р. Ф. Бекишев 
463 0 |0 (RuTPU)RU\TPU\book\114165  |t Электротехника, электромеханика и электротехнологии  |o труды шестой региональной научно-практической студенческой конференции, Томск, 6-9 июня 2006 г.  |f Томский политехнический университет; Электротехнический институт  |v С. 159-161  |d 2006  |p 360 с. 
610 1 |a ветроэнергетика 
610 1 |a гибридные установки 
610 1 |a ветроэнергетическое оборудование 
610 1 |a возобновляемые источники энергии 
610 1 |a ветрогенераторные установки 
610 1 |a труды учёных ТПУ 
700 1 |a Дубинин  |b М. В. 
702 1 |a Бекишев  |b Р. Ф.  |4 727 
801 1 |a RU  |b 63413507  |c 20070216  |g PSBO 
801 2 |a RU  |b 63413507  |c 20091002  |g PSBO 
942 |c BK